000 00718nam a2200229Ia 4500
003 GCL
008 140319s9999 xx 000 0 ara d
040 _aGCL /
_cGCL
082 0 4 _a330
_bا ا
100 1 _aابراهيم مشورب
245 1 0 _aالاقتصاد السياسى :
_bمبادئ - مدارس - انظمة /
_cابراهيم مشورب
250 _aالاولى
260 _aبيروت :
_bدار المنهل ،
_c2002
300 _a327 ص ؛
_c24 سم
650 0 4 _aالاقتصاد
650 0 4 _aالتخطيط الاقتصادى
650 0 4 _aالاجور
650 0 4 _aالاقتصاد السياسى
650 0 4 _aالراسمالية
650 0 4 _aالسياسية
942 _2ddc
_cBK
999 _c5417
_d5417